[Event "San Jose op"]
[Site "San Jose"]
[Date "1998.??.??"]
[Round "1"]
[White "Gomez Sanudo, F."]
[Black "Palomar, S."]
[Result "0-1"]
[WhiteElo "1815"]
[BlackElo "2125"]

1.Nf3 c5 2.e4 Nc6 3.Nc3 g6 4.Bc4 Bg7 5.Ne2 Nf6 6.Ng3 d5 7.exd5 Nxd5 8.c3 O-O
9.O-O e5 10.d3 h6 11.Be3 b6 12.Qd2 Kh7 13.h3 f5 14.Rad1 f4 15.Ne4 fxe3 16.fxe3 Be6
17.Bb5 Rc8 18.Qe1 Qe7 19.Ba4 Bf5 20.Bb3 Nc7 21.Ng3 Rcd8 22.Bc2 c4 23.e4 Be6
24.a3 cxd3 25.Bxd3 Rxd3 26.Rxd3 Bc4 27.Rd2 Bxf1 28.Nxf1 Rd8 29.Qg3 Rxd2 30.N1xd2 Ne6
31.Kh2 Qf6 32.Kh1 Ng5 33.Qe1 Nxf3 34.Nxf3 Qd6 35.Qe2 Nd8 36.b4 Ne6 37.Qb5 h5
38.Qe8 Nd8 39.Ng5+ Kh6 40.h4 Bf6 41.Qxd8 Qxd8 42.Nf7+ Kg7 43.Nxd8 Bxd8 44.g3 b5
45.Kg2 Bb6 46.Kf3 Kf6 47.Ke2 Ke6 48.Kf3 Bd8 49.Ke3 g5 50.hxg5 Bxg5+ 51.Kd3 Bc1
52.c4 bxc4+ 53.Kxc4 Bxa3 54.b5 Kd6 55.Kb3 Bc5  0-1

[Event "San Jose op"]
[Site "San Jose"]
[Date "1998.??.??"]
[Round "3"]
[White "Alvaro, G."]
[Black "Del Corral Abancens, Alfonso"]
[Result "0-1"]
[WhiteElo "1615"]
[BlackElo "1995"]

1.e4 c5 2.Nc3 Nc6 3.Nf3 g6 4.Bc4 Bg7 5.Ng5 e6 6.Nh3 Nge7 7.O-O d5 8.exd5 exd5
9.Nxd5 Nxd5 10.Re1+ Nce7 11.Qf3 O-O 12.c3 Bxh3 13.Qxh3 a6 14.a3 b5 15.Ba2 c4
16.Bb1 Qc7 17.Be4 Rad8 18.g3 Nf6 19.Bc2 Nc6 20.b3 Ne5 21.Qg2 cxb3 22.Bxb3 Nd3
23.Re2 Rfe8 24.Bd1 Re5 25.Qf1 Ng4 26.Bc2 Nxc1 27.Rxe5 Nxe5 28.Qxc1 Nf3+ 29.Kg2 Nxd2
30.a4 Qc6+ 31.Kh3 Rd5 32.g4 Qxc3+  0-1

[Event "San Jose op"]
[Site "San Jose"]
[Date "1998.??.??"]
[Round "7"]
[White "De la Rosa, A."]
[Black "Peirona, JJ."]
[Result "1/2-1/2"]
[WhiteElo "1835"]
[BlackElo "2015"]

1.e4 c5 2.Nc3 Nc6 3.Nf3 d6 4.h3 Nf6 5.Bb5 g6 6.O-O Bg7 7.d4 cxd4 8.Nxd4 Bd7
9.Nxc6 bxc6 10.Bd3 O-O 11.Re1 c5 12.Nd5 Bc6 13.Nxf6+ Bxf6 14.Bh6 Re8 15.c3 Qb6
16.Rb1 Rab8 17.Re2 Qa5 18.Bc4 Rb6 19.b4 cxb4 20.cxb4 Rxb4 21.Rxb4 Qxb4 22.Qb3 Rb8
23.Bxf7+ Kh8 24.Qxb4 Rxb4 25.f3 Bd4+ 26.Be3 Rb1+ 27.Kf2 Bc5 28.Bxc5 dxc5
29.Rc2 Rb5 30.Kg3 Kg7 31.Bb3 Kf6 32.Bc4 Ra5 33.h4 Bd7 34.Kf4 e5+ 35.Kg3 Be6
36.Bxe6 Kxe6 37.Kg4 h6 38.h5 g5 39.Kg3 Kf6 40.a3 Ke6 41.Rc3 Kd6 42.Kf2 c4
43.Rxc4 Rxa3 44.g4 Ra6 45.Rc3 Rc6 46.Rd3+ Ke6 47.Ra3 a6 48.Ra5 Kd6 49.Rd5+ Kc7
50.Rxe5 Kb6 51.Rd5 a5 52.e5 a4 53.Rd2 Kb5 54.Re2 Re6 55.f4 gxf4 56.g5 hxg5
57.Kf3 Kc4 58.Kg4 a3 59.Kxg5 f3 60.Rf2 Rxe5+ 61.Kg6  1/2-1/2

[Event "Santiago Esucomex op"]
[Site "Santiago"]
[Date "1998.??.??"]
[Round "6"]
[White "Michel Yunis, Christian D"]
[Black "Mesias, Rabindranath"]
[Result "1-0"]
[WhiteElo "2295"]
[BlackElo "2050"]

1.e4 c5 2.Nf3 Nc6 3.Nc3 d6 4.d4 cxd4 5.Nxd4 Nf6 6.Bc4 g6 7.Nxc6 bxc6 8.e5 Nd7
9.exd6 exd6 10.O-O Ne5 11.Bb3 Qh4 12.f4 Ng4 13.h3 Nh6 14.Ba4 Bd7 15.Qd4 Rg8
16.Qe4+ Qe7 17.Bxc6 Qxe4 18.Bxe4 Rb8 19.Re1 Kd8 20.Bd5 Bf5 21.Bb3 Be6 22.g4 Bg7
23.Bxe6 fxe6 24.Rxe6 Kd7 25.Re2 Rgc8 26.Nd1 Nf7 27.c3 h5 28.Be3 a6 29.Nf2  1-0

[Event "ECI IMJ 25th"]
[Site "Sas Van Gent"]
[Date "1998.??.??"]
[Round "9"]
[White "Berend, Fred"]
[Black "Vanderstricht, Geert"]
[Result "1-0"]
[WhiteElo "2355"]
[BlackElo "2355"]

1.e4 c5 2.Nc3 Nc6 3.Nf3 e6 4.Bb5 Nge7 5.O-O a6 6.Bxc6 Nxc6 7.d4 cxd4 8.Nxd4 Qc7
9.Re1 d6 10.Bg5 h6 11.Bh4 Bd7 12.Nd5 exd5 13.Nxc6 d4 14.Nxd4 g5 15.Bg3 O-O-O
16.c4 Qb6 17.Qd2 Bg7 18.Rad1 Rhe8 19.b4 Ba4 20.Nb3 Be5 21.Re3 Bc6 22.Qe1 h5
23.c5 dxc5 24.Rxd8+ Qxd8 25.Bxe5 Rxe5 26.Nxc5 f5 27.h4 g4 28.Qc3 Qd6 29.a4 a5
30.Nd3 Rxe4 31.b5 Rd4 32.bxc6 f4 33.Re8+ Kc7 34.cxb7+ Kxb7 35.Nc5+ Kb6 36.Re6 Rd1+
37.Kh2 g3+ 38.fxg3 fxg3+ 39.Qxg3  1-0

[Event "Liechtenstein op"]
[Site "Schaan"]
[Date "1998.??.??"]
[Round "4"]
[White "Lane, Gary W"]
[Black "Habibi, Ali"]
[Result "1-0"]
[WhiteElo "2400"]
[BlackElo "2335"]

1.e4 c5 2.Nc3 Nc6 3.Nf3 d6 4.d4 cxd4 5.Nxd4 Nf6 6.f4 g6 7.Nf3 Bg4 8.h3 Bxf3
9.Qxf3 Bg7 10.Bc4 Rc8 11.Bb3 Nd4 12.Qd3 Nd7 13.Be3 Nc5 14.Qd2 Ndxb3 15.axb3 O-O
16.Bd4 Bxd4 17.Qxd4 a6 18.O-O Re8 19.Rad1 Nd7 20.Kh1 Qb6 21.e5 Rc6 22.Rf2 f5
23.Na4 Qa7 24.Re2 Nf8 25.exd6 Rxd6 26.Qxd6 exd6 27.Rxe8 Qf2 28.Nc3 Qxf4 29.Nd5 Qf2
30.c4 f4 31.Nf6+ Kf7 32.Ne4 Qxb2 33.Nxd6+ Kg7 34.Re7+ Kh6 35.Rd5 Qa1+ 36.Kh2 Qc3
37.Ne4 Qe3 38.Nf6 Qg3+ 39.Kh1 g5 40.Rd6  1-0

[Event "Liechtenstein op"]
[Site "Schaan"]
[Date "1998.??.??"]
[Round "5"]
[White "Westerinen, Heikki MJ"]
[Black "Kuemin, Simon"]
[Result "1-0"]
[WhiteElo "2410"]
[BlackElo "2120"]

1.e4 c5 2.Nc3 Nc6 3.Nge2 d6 4.d3 g6 5.g3 Bg7 6.Bg2 e6 7.O-O Nge7 8.Bg5 O-O
9.Qd2 Nd4 10.Nxd4 cxd4 11.Ne2 e5 12.c3 dxc3 13.bxc3 Be6 14.Rab1 Qd7 15.c4 Nc6
16.Nc3 Rab8 17.Be3 Nd4 18.a4 b6 19.Nb5 a6 20.Nxd4 exd4 21.Bf4 Rfc8 22.Rb4 Qc7
23.Rfb1 a5 24.R4b3 Bd7 25.Qa2 Bc6 26.Qa3 Bf8 27.Qa1 Bg7 28.Bf1 Rb7 29.Qa3 Bf8
30.Qb2 Rcb8 31.Qxd4 Bxa4 32.R3b2 Bc6 33.e5 Bg7 34.exd6 Bxd4 35.dxc7 Rc8 36.Ra2 g5
37.Bxg5 Rbxc7 38.Be3 Bxe3 39.fxe3 Rb7 40.c5 bxc5 41.Rxb7 Bxb7 42.Rxa5 Kg7
43.Kf2 Rc6 44.Ke1 Bc8 45.Bg2 Rc7 46.Bd5 Kf6 47.Kd2 Ke7 48.Kc3 Kd6 49.Kc4 Be6
50.Bxe6 fxe6 51.e4 e5 52.Ra6+ Ke7 53.Rh6  1-0

[Event "Staufer op 10th"]
[Site "Schwaebisch Gmuend"]
[Date "1998.??.??"]
[Round "5"]
[White "Ciolac, Gheorghe"]
[Black "Pohl, Walter"]
[Result "1-0"]
[WhiteElo "2375"]
[BlackElo "2105"]

1.e4 c5 2.Ne2 Nc6 3.Nbc3 g6 4.d4 cxd4 5.Nxd4 Bg7 6.Nde2 Nf6 7.g3 O-O 8.Bg2 d6
9.O-O Be6 10.Nd5 Rc8 11.a4 Kh8 12.c3 Bd7 13.h3 Ne8 14.Bg5 h6 15.Be3 Kh7 16.Ra2 b6
17.b3 e6 18.Nb4 Na5 19.c4 Qe7 20.Bc1 Rd8 21.Ba3 Bc8 22.Rd2 Bb7 23.Qc2 f5
24.exf5 gxf5 25.Bxb7 Qxb7 26.Nf4 Qf7 27.Re1 e5 28.Nfd5 Kh8 29.f4 h5 30.Kh2 Rg8
31.Bb2 h4 32.gxh4 e4 33.Rg1 Kh7 34.Rdg2 Bxb2 35.Rxg8 Bg7 36.R1xg7+  1-0

[Event "Seefeld op 9th"]
[Site "Seefeld"]
[Date "1998.??.??"]
[Round "6"]
[White "Mueller, Georg"]
[Black "Wiesbeck, Florian"]
[Result "1-0"]
[WhiteElo "2040"]
[BlackElo "1850"]

1.e4 c5 2.Nc3 Nc6 3.Nge2 e6 4.g3 g6 5.d4 cxd4 6.Nxd4 Bg7 7.Ndb5 a6 8.Nd6+ Kf8
9.Bg2 Nf6 10.Be3 Ne8 11.Qd2 h6 12.O-O Kg8 13.Nxe8 Qxe8 14.f4 f5 15.e5 b5
16.Rad1 Kh7 17.Ne2 Rf8 18.Nd4 Bb7 19.Nb3 Rf7 20.Nc5 Bc8 21.g4 Bf8 22.gxf5 gxf5
23.Rf3 Ra7 24.Rh3 Rc7 25.Nb3 Ne7 26.Na5 Ng6 27.Kh1 Qe7 28.Bb6 Rc5 29.Bxc5 Qxc5
30.Rc3 Qb4 31.Rxc8 Qxd2 32.Rxd2 Bb4 33.Nb3  1-0

[Event "Seefeld op 9th"]
[Site "Seefeld"]
[Date "1998.??.??"]
[Round "8"]
[White "Cieza Vega, Arcadio"]
[Black "Schmittdiel, Eckhard"]
[Result "1/2-1/2"]
[WhiteElo "2385"]
[BlackElo "2470"]

1.e4 c5 2.Nf3 Nc6 3.Nc3 e6 4.d3 d5 5.Qe2 d4 6.Nd1 e5 7.g3 Nge7 8.Bg2 h6 9.O-O g5
10.Ne1 Ng6 11.Qh5 Qd7 12.f3 Bg7 13.Nf2 Qd6 14.Bh3 Be6 15.Bxe6 Qxe6 16.f4 exf4
17.gxf4 gxf4 18.Qxc5 O-O-O 19.Nf3 Kb8 20.Qf5 Rhg8 21.Kh1 Ka8 22.Nh3 Qxf5
23.exf5 Nge7  1/2-1/2

[Event "ROM-chT"]
[Site "Sovata"]
[Date "1998.??.??"]
[Round "3"]
[White "Calota, Alina"]
[Black "Calotescu, Cristina"]
[Result "1-0"]
[WhiteElo "2085"]
[BlackElo "2105"]

1.e4 c5 2.Nc3 Nc6 3.Nge2 g6 4.d4 cxd4 5.Nxd4 Bg7 6.Be3 d6 7.Qd2 Bd7 8.O-O-O a6
9.Kb1 b5 10.f3 Ne5 11.g4 e6 12.Qg2 b4 13.Nce2 Nc4 14.Bc1 e5 15.Nb3 a5 16.Ng3 Be6
17.Nc5 Nb6 18.Bb5+ Kf8 19.Be3 Qc7 20.Qf2 Nc8 21.Nxe6+ fxe6 22.f4 Ke7 23.f5 Nf6
24.fxe6 Rf8 25.Qe2 Rb8 26.Bg5 Kxe6 27.Bc4+ Ke7 28.Nf1 Nb6 29.Ne3 Rbc8 30.Bb3 a4
31.Bxa4 h6 32.Bxf6+ Bxf6 33.Qb5 Kf7 34.Bb3+ Kg7 35.Qxb4 Rfd8 36.h4 Rb8 37.Qd2 Qc6
38.Qg2 Rd7 39.g5 Bd8 40.gxh6+ Kxh6 41.h5 g5 42.Qg4 Bf6 43.Qf5  1-0

[Event "St Petersburg-ch (Women)"]
[Site "St Petersburg"]
[Date "1998.??.??"]
[Round "?"]
[White "Khramtsova, Elena"]
[Black "Zvereva, Marija"]
[Result "0-1"]
[WhiteElo "2150"]
[BlackElo "2240"]

1.e4 c5 2.Nf3 Nc6 3.Nc3 e5 4.g3 g6 5.Bg2 Bg7 6.d3 d6 7.Nd5 Nf6 8.Nxf6+ Qxf6
9.c3 h6 10.Be3 Be6 11.h3 Rd8 12.Qa4 O-O 13.g4 Qe7 14.c4 a6 15.g5 h5 16.Qd1 b5
17.b3 Rb8 18.O-O a5 19.Nh4 a4 20.Qf3 Nd4 21.Bxd4 Qxg5 22.Bxc5 dxc5 23.Qg3 Qxg3
24.fxg3 bxc4 25.bxc4 Rfd8 26.Rfd1 Bh6 27.Nf3 Be3+ 28.Kh2 f6 29.Ne1 Rb2 30.Nf3 g5
31.Kh1 g4 32.Nh2 Rdb8 33.Nf1 Bd4 34.h4 Rf2 35.Rab1 Rxb1 36.Rxb1 Rxa2  0-1

[Event "Petrov mem"]
[Site "St Petersburg"]
[Date "1998.??.??"]
[Round "1"]
[White "Moskvitin, Valerij"]
[Black "Kochyev, Alexander"]
[Result "1/2-1/2"]
[WhiteElo "2170"]
[BlackElo "2430"]

1.e4 c5 2.Nf3 Nc6 3.Nc3 g6 4.d4 cxd4 5.Nxd4 Bg7 6.Be3 Nf6 7.Nxc6 bxc6 8.e5 Ng8
9.Bd4 c5 10.Bxc5 Qc7 11.Bd4 Bxe5 12.Bxe5 Qxe5+ 13.Qe2 Qxe2+ 14.Bxe2 Bb7 15.f3 Nf6
16.O-O-O O-O 17.Bb5 d5 18.Rhe1 e6 19.Ne2 Rfc8 20.Nd4 a5 21.Rd3 Ba6 22.a4 Ne8
23.Kd2 Nd6 24.Bxa6 Rxa6 25.b3 Raa8  1/2-1/2

[Event "Rilton Cup 97/98"]
[Site "Stockholm"]
[Date "1998.??.??"]
[Round "3"]
[White "Laveryd, Peter"]
[Black "Lindberg, Bengt"]
[Result "0-1"]
[WhiteElo "2440"]
[BlackElo "2320"]

1.e4 c5 2.Nc3 Nc6 3.Nge2 e6 4.h3 Nge7 5.g3 g6 6.d4 cxd4 7.Nxd4 Bg7 8.Nde2 d5
9.exd5 exd5 10.Bg2 d4 11.Ne4 O-O 12.Nf4 Nb4 13.a3 Nbd5 14.Nd3 h6 15.O-O b6
16.Nd2 Ba6 17.Nf3 Rc8 18.Bd2 Qc7 19.Rc1 Rfd8 20.Re1 Nf5 21.Nh2 Nfe3 22.fxe3 dxe3
23.Bb4 Nxb4 24.axb4 Bxb2 25.Rb1 Bd4 26.Re2 Qxc2 27.b5 Bxb5 28.Be4 Qxd1+ 29.Rxd1 f5
30.Bf3 Bc5 31.Nb2 Bxe2 32.Bxe2 b5 33.Kf1 b4 34.Nd3 Bd6 35.Nf3 Bxg3 36.Ra1 Bb8
37.Nxb4 Kg7 38.h4 Rd2 39.Bd3 Rc3 40.Ke1 Rb3 41.Ra4 a5 42.Nc6 Rdxd3 43.Nxb8 Rdc3  0-1

[Event "Rilton Cup 97/98"]
[Site "Stockholm"]
[Date "1998.??.??"]
[Round "8"]
[White "David, Alberto"]
[Black "Hellborg, Teodor"]
[Result "1-0"]
[WhiteElo "2460"]
[BlackElo "2220"]

1.e4 c5 2.Nf3 Nc6 3.Nc3 Nf6 4.d4 cxd4 5.Nxd4 e6 6.Ndb5 d6 7.Bf4 e5 8.Bg5 a6
9.Na3 b5 10.Bxf6 gxf6 11.Nd5 Bg7 12.c3 f5 13.exf5 Bxf5 14.Nc2 O-O 15.Nce3 Be6
16.Bd3 f5 17.O-O Ne7 18.Nxe7+ Qxe7 19.Bxf5 Rab8 20.Bxe6+ Qxe6 21.Qb3 Kf7
22.Rfd1 Rfd8 23.Rd5 Bf8 24.Rad1 Rdc8 25.f4 Kg8 26.Rxe5 Qxb3 27.Rg5+ Kf7 28.axb3 Re8
29.Kf2 Re4 30.Kf3 Rbe8 31.Ng4 Re1 32.Rf5+ Kg7 33.Rfd5 R8e2 34.Rxe1 Rxe1 35.b4 Ra1
36.Ne3 Kf7 37.Rd2 Ke6 38.g4 Kd7 39.g5 Rg1 40.Rd1  1-0

[Event "Rilton Cup 97/98"]
[Site "Stockholm"]
[Date "1998.??.??"]
[Round "9"]
[White "Wedberg, Tom"]
[Black "Eriksson, Johan"]
[Result "1-0"]
[WhiteElo "2485"]
[BlackElo "2315"]

1.e4 c5 2.Nc3 Nc6 3.Nge2 Nf6 4.d4 cxd4 5.Nxd4 d6 6.Bc4 e6 7.Be3 Be7 8.Qe2 O-O
9.O-O-O a6 10.Bb3 Qc7 11.g4 Nxd4 12.Rxd4 b5 13.g5 Nd7 14.f4 Nc5 15.f5 Nxb3+
16.axb3 exf5 17.Nd5 Qd8 18.Qh5 Be6 19.Rf1 fxe4 20.Rxe4 Bxd5 21.Rh4 f5 22.Qxh7+ Kf7
23.Rxf5+ Ke8 24.Rxd5 Qa5 25.Rd1 Qa1+ 26.Kd2 Qxb2 27.Bd4 Qa2 28.Qg6+ Kd7 29.Re4 Bd8
30.Ra1 Rf2+ 31.Re2 Bxg5+ 32.Ke1 Raf8 33.Rxf2  1-0

[Event "SVK-chT1W 9798"]
[Site "SVK"]
[Date "1998.??.??"]
[Round "?"]
[White "Kundrik, Peter"]
[Black "Mokos, Jozef"]
[Result "1-0"]
[WhiteElo "2115"]
[BlackElo "2260"]

1.e4 c5 2.Nf3 Nc6 3.Nc3 d6 4.g3 g6 5.Bg2 Bg7 6.O-O e6 7.d3 Nge7 8.Be3 O-O
9.Qd2 Nd4 10.Bh6 Rb8 11.h4 Bxh6 12.Qxh6 f6 13.Qd2 e5 14.Nh2 Kg7 15.f4 h6
16.Nd1 Ng8 17.Ne3 b6 18.Rf2 Rb7 19.Raf1 Rbf7 20.c3 Nc6 21.Nf3 Re8 22.Nh2 Ref8
23.Bf3 Nce7 24.h5 g5 25.Bg4 Bxg4 26.Nhxg4 f5 27.Nxh6 Nxh6 28.fxg5 Ng4 29.Nxg4 fxg4
30.h6+ Kg6 31.Rxf7 Rxf7 32.Rxf7 Kxf7 33.Qf2+ Kg8 34.Qf6 Qf8 35.h7+  1-0

[Event "SVK-chT1W 9798"]
[Site "SVK"]
[Date "1998.??.??"]
[Round "?"]
[White "Vojtek, Vladimir"]
[Black "Hruskovic, M."]
[Result "1/2-1/2"]
[WhiteElo "2315"]
[BlackElo "2280"]

1.e4 c5 2.Nf3 Nc6 3.Nc3 d6 4.d4 cxd4 5.Nxd4 e5 6.Nf3 Bg4 7.Bc4 Nf6 8.h3 Bh5
9.Bg5 Qa5 10.Bxf6 gxf6 11.g4 Bg6 12.Qd2 Rc8 13.O-O-O a6 14.Bb3 b5 15.Kb1 Qd8
16.a3 Na5 17.Bd5 Nc4 18.Qd3 Qb6 19.h4  1/2-1/2

[Event "SVK-chT1E 9899"]
[Site "SVK"]
[Date "1998.??.??"]
[Round "1"]
[White "Profant, Tibor"]
[Black "Jacko, Vladimir"]
[Result "1-0"]
[WhiteElo "2060"]
[BlackElo "2320"]

1.e4 c5 2.Nc3 Nc6 3.Bb5 e6 4.Bxc6 dxc6 5.d3 Qc7 6.f4 g6 7.Nf3 Bg7 8.O-O Ne7
9.Be3 b6 10.d4 Ba6 11.Rf2 cxd4 12.Bxd4 f6 13.Ng5 Qc8 14.f5 e5 15.Bxe5 O-O
16.Bd6 Rd8 17.Ne6 Rd7 18.Nxg7 Kxg7 19.Rd2 Rb7 20.Qf3 Qe8 21.g4 Ng8 22.Rad1 Rf7
23.e5 fxe5 24.Qg3 h6 25.Bxe5+ Kh7 26.fxg6+ Kxg6 27.Rd6+ Kh7 28.g5  1-0

[Event "SVK-chT1E 9899"]
[Site "SVK"]
[Date "1998.??.??"]
[Round "4"]
[White "Hagara, Eduard"]
[Black "Flasik, Radoslav"]
[Result "1/2-1/2"]
[WhiteElo "2215"]
[BlackElo "2180"]

1.e4 c5 2.Nf3 Nc6 3.Nc3 d6 4.d4 cxd4 5.Nxd4 Nf6 6.Be3 Ng4 7.Bb5 Nxe3 8.fxe3 Bd7
9.Bxc6 bxc6 10.O-O e5 11.Qf3 f6 12.Nde2 Be7 13.Ng3 g6 14.Rad1 O-O 15.b3 f5
16.exf5 gxf5 17.Kh1 Qe8 18.Nce2 Be6 19.c4 Rc8 20.Nc3 Qg6 21.Nge2 Kh8 22.Rd2 Rg8
23.Rfd1 Rg7 24.Rg1 Qf7 25.Rf1 Rcg8 26.Rg1 d5 27.cxd5 cxd5 28.Rdd1 Bc5 29.Na4 Bd6
30.Qf2 Rg4 31.Rc1 d4 32.Rc6 Qd7 33.Rxd6 Qxd6 34.h3 dxe3 35.Qxe3 Rxg2 36.Rxg2 Bd5
37.Nf4 Bxg2+ 38.Nxg2 Qd5 39.Qe2 Qd4 40.Qb2 Qe4 41.Nc5 Qd5 42.Nd3 Re8 43.Qc3 Kg8
44.Nb4 Qe6 45.Kh2  1/2-1/2

[Event "SVK-chT1W 9899"]
[Site "SVK"]
[Date "1998.??.??"]
[Round "4"]
[White "Biro, Karol"]
[Black "Kovacocy, Pavol"]
[Result "1/2-1/2"]
[WhiteElo "2250"]
[BlackElo "2220"]

1.e4 c5 2.Nc3 Nc6 3.Nge2 g6 4.d4 cxd4 5.Nxd4 Bg7 6.Be3 Nf6 7.h3 O-O 8.Qd2 d6
9.O-O-O Nxd4 10.Bxd4 Be6 11.g4 Qa5 12.g5 Nh5 13.Bxg7 Nxg7 14.Kb1 Rfc8 15.Nd5 Qxd2
16.Rxd2 Bxd5 17.exd5 Nh5 18.h4 Kg7 19.Rd4 Rc5 20.Be2 Rac8 21.c4 h6 22.b3 Rh8
23.Bxh5 gxh5 24.f4 Kg6 25.Re1 Rc7 26.Rde4 Re8 27.gxh6 Kf6 28.Rg1 Rh8 29.Rg5 Rxh6
30.f5 b5 31.cxb5 Rc5 32.Rd4 Rxb5 33.Kb2 Rh8 34.a4 Rb7 35.a5 Rhb8 36.Rd3 Rh8
37.Ka3 Rc7 38.Ka4 a6 39.Rd4 Rc1 40.b4 Ra1+ 41.Kb3 Rc8 42.Rxh5 Rb1+ 43.Ka2 Rcc1
44.Rg4 Ra1+ 45.Kb2 Rcb1+ 46.Kc2 Rc1+ 47.Kb2 Rcb1+ 48.Kc2 Rf1 49.Rgg5  1/2-1/2

[Event "SVK-chT1E 9798"]
[Site "SVK"]
[Date "1998.??.??"]
[Round "7"]
[White "Hagara, Eduard"]
[Black "Pal, Peter"]
[Result "0-1"]
[WhiteElo "2215"]
[BlackElo "2225"]

1.e4 c5 2.Nf3 Nc6 3.Nc3 Nf6 4.d4 cxd4 5.Nxd4 e5 6.Ndb5 d6 7.Bg5 a6 8.Na3 b5
9.Bxf6 gxf6 10.Nd5 Bg7 11.c3 Ne7 12.Nxe7 Qxe7 13.Nc2 f5 14.exf5 Bb7 15.Ne3 Rd8
16.Nd5 Qh4 17.Be2 Qe4 18.Ne3 Qc6 19.O-O Rg8 20.Bf3 e4 21.Be2 d5 22.Qb3 Be5
23.a4 d4 24.cxd4 Rxd4 25.axb5 Qh6 26.g3 Rd3 27.Bxd3 exd3 28.bxa6 Bxg3 29.fxg3 Rxg3+
30.hxg3 Qh1+ 31.Kf2 Qf3+ 32.Ke1 Qe2+  0-1

[Event "SVK-chT1E 9798"]
[Site "SVK"]
[Date "1998.??.??"]
[Round "7"]
[White "Sikora Lerch, Jan"]
[Black "Singliar, Anton"]
[Result "1-0"]
[WhiteElo "2385"]
[BlackElo "2205"]

1.e4 c5 2.Nc3 Nc6 3.Nge2 g6 4.d4 cxd4 5.Nxd4 Bg7 6.Nb3 Nf6 7.Be2 d6 8.O-O O-O
9.f4 Be6 10.f5 Bd7 11.g4 Ne5 12.g5 Ne8 13.Be3 Bc6 14.Qe1 f6 15.Nd4 Nc7 16.Rd1 fxg5
17.Bxg5 h6 18.Be3 Rf6 19.Nxc6 Nxc6 20.fxg6 Rxg6+ 21.Kh1 Ne5 22.Bh5 Re6 23.Qg3 Kh7
24.Qh3 Qg8 25.Rg1 Rf6 26.Rg3 Qf8 27.Rdg1 Bh8 28.Bd4 Rf4 29.Ne2 Rxe4 30.Bxe5 Rxe5
31.Bg6+ Kg8 32.Bf5+  1-0

[Event "SVK-chT 9798"]
[Site "SVK"]
[Date "1998.??.??"]
[Round "8"]
[White "Gazik, Igor"]
[Black "Zambor, Norbert"]
[Result "1-0"]
[WhiteElo "2380"]
[BlackElo "2235"]

1.e4 c5 2.Nf3 Nc6 3.Nc3 Nf6 4.d3 d6 5.g3 g6 6.Bg2 Bg7 7.O-O Rb8 8.Be3 Ng4
9.Bd2 b5 10.h3 Nf6 11.Qc1 h6 12.a3 a5 13.Re1 e5 14.Nd5 Nxd5 15.exd5 Ne7 16.b4 axb4
17.axb4 cxb4 18.d4 exd4 19.Rb1 Kf8 20.Rxb4 Nxd5 21.Rxd4 Be6 22.Rd3 Qb6 23.Nh4 Ne7
24.Bb4 Rd8 25.Qd2 Bf6 26.Ba5  1-0

[Event "SVK-chT1E 9798"]
[Site "SVK"]
[Date "1998.??.??"]
[Round "9"]
[White "Hagarova, Zuzana"]
[Black "Manik, Mikulas"]
[Result "0-1"]
[WhiteElo "2305"]
[BlackElo "2460"]

1.e4 c5 2.Nf3 Nc6 3.Nc3 d6 4.d4 cxd4 5.Nxd4 Nf6 6.Be2 g6 7.O-O Bg7 8.Be3 O-O
9.h3 Bd7 10.Qd2 Rc8 11.Rad1 Ne5 12.Bh6 Bxh6 13.Qxh6 Qb6 14.Nd5 Nxd5 15.exd5 Rc5
16.b3 Rxd5 17.Nf5 Bxf5 18.Rxd5 Bxc2 19.Rc1 Be4 20.Rd2 Bc6 21.Bc4 Nxc4 22.Rxc4 f6
23.Rh4 Rf7 24.Rc4 Qb5 25.Qe3 a6 26.a4 Qa5 27.Qd4 Qg5 28.f4 Qg3 29.Rc3 Qe1+
30.Kh2 Kg7 31.Re3 Qf1 32.Re6 Bd7 33.Rd1 Qxd1 34.Qxd1 Bxe6 35.b4 Bd7 36.Qb3 e5
37.Qd3 exf4 38.Qxd6 g5 39.Qd1 Bc6 40.Qb3 Re7 41.b5 axb5 42.axb5 Be8 43.Qd5 b6
44.Qd6 Re5 45.Qxb6 Rxb5 46.Qc7+ Bf7 47.Kg1 Rb1+ 48.Kf2 Rb2+ 49.Kg1 Ra2 50.Qd7 Ra3
51.Kf2 Ra1 52.Qc7 h6 53.Qd7 Ra5 54.Qc7 Rd5 55.Qe7 Rd2+ 56.Kg1 h5 57.Qb4 Rd1+
58.Kf2 Rc1 59.Qd2 Rc4 60.Qd7 Rc5 61.Qd6 Rd5 62.Qe7 Rd2+ 63.Kf1 g4 64.hxg4 hxg4
65.Qb4 Rd5 66.Qxf4 Be6 67.Qc7+ Kg6 68.Qb8 Rd2 69.g3 Rd5 70.Kf2 Re5 71.Qe8+ Kg5
72.Qb8 Bc4 73.Qc7 Bd3 74.Qg7+ Bg6 75.Qc7 Rf5+ 76.Kg2 Kh6 77.Qe7 Rf3 78.Qf8+ Kg5
79.Qc5+ Bf5 80.Qe7 Rd3 81.Qg7+ Bg6 82.Qc7 Be4+ 83.Kf2 Rf3+ 84.Ke2 Bd3+ 85.Kd1 Kg6  0-1

[Event "SWE-chT 9899"]
[Site "Sweden"]
[Date "1998.??.??"]
[Round "5"]
[White "Sanden, Stefan"]
[Black "Bator, Robert"]
[Result "0-1"]
[WhiteElo "2330"]
[BlackElo "2410"]

1.e4 c5 2.Nf3 Nc6 3.Nc3 Nf6 4.d4 cxd4 5.Nxd4 e5 6.Ndb5 d6 7.Bg5 a6 8.Na3 b5
9.Bxf6 gxf6 10.Nd5 f5 11.exf5 Bxf5 12.c3 Bg7 13.Nc2 Be6 14.a4 O-O 15.axb5 axb5
16.Rxa8 Qxa8 17.Bxb5 Nd4 18.Ne7+ Kh8 19.cxd4 Qxg2 20.Bc6 d5 21.Rf1 exd4 22.Bb5 Qg5
23.Nc6 Bd7 24.N6xd4 Bxb5 25.Nxb5 Re8+ 26.Ne3 Qh4 27.Qxd5 Rxe3+ 28.Kd2 Re8
29.Nd6 Qf4+ 30.Kd1 Qa4+ 31.Kd2 Bh6+ 32.f4 Bxf4+ 33.Rxf4 Qxf4+ 34.Kd1 Qf1+
35.Kc2 Qe2+ 36.Kc3 Re3+ 37.Kb4 Qxb2+ 38.Kc5 Qa3+ 39.Kc6 Qa8+ 40.Kc5 Qxd5+
41.Kxd5  0-1

[Event "SWZ-chT"]
[Site "Switzerland"]
[Date "1998.??.??"]
[Round "?"]
[White "Atlas, Valeri"]
[Black "Ekstroem, Roland"]
[Result "1-0"]
[WhiteElo "2465"]
[BlackElo "2490"]

1.e4 c5 2.Nf3 Nc6 3.Nc3 d6 4.d4 cxd4 5.Nxd4 Nf6 6.g3 Nxd4 7.Qxd4 g6 8.Be3 Bg7
9.Qd2 O-O 10.Bd4 b5 11.Bxb5 Bb7 12.f3 e5 13.Be3 d5 14.exd5 Nxd5 15.Nxd5 Qxd5
16.Qxd5 Bxd5 17.O-O e4 18.Rad1 Bxa2 19.Bc6 Bc4 20.Bxa8 Rxa8 21.b3 Bxf1 22.Kxf1 exf3
23.Kf2 a5 24.Kxf3 Bc3 25.Rd7 h5 26.Rc7 Be5 27.Ra7 Rxa7 28.Bxa7 Bc7 29.Be3 Kf8
30.Bf4 Bd8 31.Ke4 Ke7 32.Kd5 Kd7 33.c4 g5 34.Be5 g4 35.Bf4 h4 36.gxh4 Bxh4
37.Ke5 Kc6 38.Kf5 Kc5 39.Kxg4 Be1 40.Be3+ Kb4 41.c5 Kb5 42.Kg5 Bc3 43.Kf5 Kc6
44.h4 Kd5 45.h5 Bg7 46.Kg5 Kc6 47.h6  1-0

[Event "Tampere op"]
[Site "Tampere"]
[Date "1998.??.??"]
[Round "4"]
[White "Simola, Tuomas"]
[Black "Nokso Koivisto, Antti"]
[Result "0-1"]
[WhiteElo "2080"]
[BlackElo "2215"]

1.e4 c5 2.Nc3 Nc6 3.Nge2 Nf6 4.d4 cxd4 5.Nxd4 e5 6.Ndb5 d6 7.Bg5 a6 8.Na3 b5
9.Nd5 Be7 10.Nxe7 Nxe7 11.Qf3 Nd7 12.Bd3 O-O 13.c4 f6 14.Bd2 Bb7 15.cxb5 f5
16.bxa6 fxe4 17.Bc4+ d5 18.Qxe4 Rxa6 19.Bb3 Raf6 20.O-O Kh8 21.Qh4 Nf5 22.Qh3 Qb6
23.Bc2 e4 24.Qb3 Qc6 25.Qb5 Qc7 26.Rac1 Nd4 27.Qb4 Ne2+ 28.Kh1 Nxc1 29.Rxc1 Rxf2
30.Kg1 Ba6 31.Bd3 Qxc1+  0-1

[Event "Techirghiol"]
[Site "Techirghiol"]
[Date "1998.??.??"]
[Round "?"]
[White "Sofronie, Iulian"]
[Black "Kutnik, Alexandru"]
[Result "1-0"]
[WhiteElo "2405"]
[BlackElo "2230"]

1.e4 c5 2.Nf3 Nc6 3.Nc3 d6 4.g3 e5 5.Bg2 g6 6.O-O Bg7 7.d3 Nge7 8.Nh4 O-O
9.f4 f5 10.Be3 Rb8 11.Qd2 b6 12.Rae1 Bb7 13.b3 Bf6 14.fxe5 dxe5 15.exf5 Bxh4
16.gxh4 gxf5 17.Bg5 Qd7 18.Kh1 Rbe8 19.Rg1 Kh8 20.Qd1 Ng8 21.Nd5 Nb4 22.Nxb4 cxb4
23.Qa1 Bxg2+ 24.Rxg2 Qd5 25.Bf4 Nf6 26.Rxe5 Rxe5 27.Bxe5 Qc6 28.Qd4 h6 29.Qf4  1-0

[Event "4 Nations-J"]
[Site "Tjele"]
[Date "1998.??.??"]
[Round "1"]
[White "Trygstad, Kristian"]
[Black "Sorsa, Nuutti"]
[Result "1-0"]
[WhiteElo "2205"]
[BlackElo "2250"]

1.e4 c5 2.Nc3 Nc6 3.Nge2 d6 4.d4 cxd4 5.Nxd4 Nf6 6.Bg5 e6 7.Qd2 a6 8.O-O-O h6
9.Be3 Nxd4 10.Bxd4 b5 11.Qe1 Qa5 12.e5 dxe5 13.Bxe5 Bb7 14.Nxb5 axb5 15.Qxa5 Rxa5
16.Bc7 Ra6 17.Bxb5+ Rc6 18.Bxc6+ Bxc6 19.Rd8+ Ke7 20.Rhd1 Nd5 21.Ba5 Kf6
22.Rb8 h5 23.c4 Nf4 24.Bc3+ Kf5 25.Rdd8 Ng6 26.f3 h4 27.Rbc8 Bb7 28.Rc7 Ba6
29.Ra8  1-0

[Event "RUS-Cup07"]
[Site "Tomsk"]
[Date "1998.??.??"]
[Round "3"]
[White "Belozerov, Andrei"]
[Black "Zubar, Yuri"]
[Result "1-0"]
[WhiteElo "2455"]
[BlackElo "2235"]

1.e4 c5 2.Nc3 Nc6 3.Nf3 e6 4.Bb5 a6 5.Bxc6 bxc6 6.O-O d5 7.d3 Bd6 8.b3 f6
9.Ba3 Nh6 10.Na4 O-O 11.Bxc5 e5 12.Qc1 Bxc5 13.Nxc5 Qe7 14.b4 a5 15.a3 Bg4
16.Nd2 f5 17.c3 fxe4 18.dxe4 Qh4 19.Qe1 axb4 20.cxb4 d4 21.f3 Qxe1 22.Rfxe1 Bc8
23.Nc4 Nf7 24.Rec1 Rb8 25.Na5 Rd8 26.Nxc6  1-0

[Event "RUS-Cup07"]
[Site "Tomsk"]
[Date "1998.??.??"]
[Round "9"]
[White "Nevostrujev, Vladimir"]
[Black "Smirnov, Pavel"]
[Result "0-1"]
[WhiteElo "2420"]
[BlackElo "2365"]

1.e4 c5 2.Nc3 Nc6 3.Nge2 Nf6 4.g3 d5 5.exd5 Nd4 6.Bg2 Bg4 7.O-O Nf3+ 8.Kh1 h5
9.d4 cxd4 10.Nxd4 Nxh2 11.Qd3 Nxf1 12.Bf4 g5 13.Be5 h4 14.Bxf6 exf6 15.Re1+ Be7
16.d6 hxg3+ 17.Kg1 gxf2+ 18.Kxf2 Qxd6 19.Nd5 Kf8 20.Kxf1 Be6 21.Rxe6 fxe6
22.Nc7 Kf7 23.Ncxe6 Qe5 24.Qb3 Kg6 25.Qxb7 Rae8 26.Be4+ f5 27.Bxf5+ Kf6 28.Qf3 Kf7
29.Nxg5+ Kf8 30.Nge6+ Kf7 31.Ng5+ Kf8 32.Nde6+ Kg8 33.Bg6 Rh1+ 34.Qxh1 Qf6+
35.Qf3 Qxg6 36.Qd5 Bxg5 37.Nf4+ Qf7 38.Qxg5+ Kf8 39.Qh6+ Ke7 40.Qg5+ Kd6
41.Kf2 Rg8 42.Qh6+ Ke5 43.Kf3 Qb7+ 44.Kf2 Qf7 45.Kf3 Qf5 46.Qh5 Qxh5+ 47.Nxh5 Rb8
48.b3 Kd4 49.c4 Rf8+ 50.Kg4 Rf2 51.Nf4 Rxa2 52.Ne6+ Kc3 53.c5 Kxb3 54.c6 Ra4+
55.Kf5 Rc4 56.Ke5 a5 57.Kd6 Kb4 58.Nc7 a4 59.Na6+ Kb5 60.Nc7+ Ka5 61.Kd5 Rc3
62.Ne6 Kb6  0-1